| 000 | 01064 a2200253 4500 | ||
|---|---|---|---|
| 999 |
_c5198 _d5198 |
||
| 020 | _a0869255568 | ||
| 050 | 0 | 0 | _aPR4561 DIC 1984 |
| 100 | 1 |
_aDickens, Charles, _d1812-1870. _eauthor |
|
| 245 | 1 | 0 |
_aHard times / _cCharles Dickens. |
| 264 |
_aHarare : _bThe College Press, _c1984. |
||
| 300 | _a263p. : | ||
| 440 | _aMacmillan Students' Novel | ||
| 500 | _aNovel | ||
| 504 | _aIncludes bibliographical references (p. xxii-xxiii). | ||
| 650 | 0 | _aEngland -- Social problems -- 19th century -- Fiction. | |
| 650 | 0 | _aEnglish fiction. | |
| 650 | 0 | _aFiction -- General. | |
| 651 | 0 | _aEngland | |
| 856 | 4 | 2 |
_3Contributor biographical information _uhttp://www.loc.gov/catdir/bios/random056/91058704.html |
| 856 | 4 | 1 |
_3Sample text _uhttp://www.loc.gov/catdir/samples/random051/91058704.html |
| 856 | 4 | 2 |
_3Publisher description _uhttp://www.loc.gov/catdir/description/random0414/91058704.html |
| 942 |
_2lcc _cBK _h4561 _iDIC _kPR |
||